000 00666nam a2200181 a 4500
005 20140412111341.0
008 031016s19uu xx 00 eng d
020 _a0-590-70133-9
050 _aTR(GS 510
_bS95 1998
100 _aSchwartz, David M.
245 _aMagic of a million (The): activity book :
_b(Grades 2-5) /
_cby David M. Schwartz and David J. Whitin.
260 _aNew York :
_bScholastic Professional Books,
_c1998.
300 _a80 p. ; ill.
520 _aGreat hands-on Activities and reproducibles to explore a Million and other big numbers.
650 _aMathematics--Study and teaching
650 _aMathematics--Activities
999 _c105132
_d105132